|
|
|
|
| LEADER |
01393ppm a22003258a 4500 |
| 001 |
00027224 |
| 005 |
20171026081022.0 |
| 008 |
111014s2010 ||||||viesd |
| 041 |
0 |
# |
|a vie
|
| 082 |
1 |
4 |
|b PH110TR
|a 516.23
|
| 100 |
1 |
# |
|a Nguyễn, Thanh Thừa
|
| 245 |
1 |
0 |
|a Phát triển tư duy sáng tạo cho học sinh qua dạy học chủ đề quan hệ vuông góc hình học không gian lớp 11
|b Khóa luận tốt nghiệp : Ngành Sư phạm Toán : Trình độ : Đại học
|c Nguyễn Thanh Thừa; Lê Xuân Trường hướng dẫn
|
| 260 |
# |
# |
|b Trường Đại học Đồng Tháp
|c 2010
|a Đồng Tháp
|
| 300 |
# |
# |
|a 82 tr.
|c 30 cm.
|b hình vẽ
|e 1 bản tóm tắt
|
| 500 |
# |
# |
|a ĐTTTS ghi: Bộ Giáo dục và Đào tạo Đồng Tháp. Trường Đại học Đồng Tháp
|
| 502 |
# |
# |
|a Thư mục : tr.82
|
| 650 |
|
|
|a Hình học không gian
|
| 653 |
# |
# |
|a Học sinh
|
| 653 |
# |
# |
|a Tư duy sáng tạo
|
| 653 |
# |
# |
|a Quan hệ vuông góc
|
| 653 |
# |
# |
|a Phát triển
|
| 653 |
# |
# |
|a Lớp 11
|
| 700 |
1 |
# |
|a Lê, Xuân Trường
|e hướng dẫn
|
| 852 |
# |
# |
|j KD.0011840
|
| 852 |
# |
# |
|b Kho đọc
|j KD.0011840
|
| 910 |
# |
# |
|a Ntuyet
|d 14/10/2011
|
| 980 |
# |
# |
|a Trung tâm Học liệu Lê Vũ Hùng, Trường Đại học Đồng Tháp
|